The Witcher (série) : 35 personnages en 10 minutes - Statistiques

Statistiques générales
  • Ce quiz a été pris 202 fois
  • Le résultat moyen est 10 sur 35
Statistiques - réponses
Hint Réponse % Correct
2 Geralt de Rive
100%
1 Yennefer de Vengerberg
96%
3 Ciri de Cintra
95%
6 Triss Merigold
73%
5 Jaskier
66%
34 Emhyr
63%
10 Vesemir
49%
17 Calanthe
36%
19 Eskel
36%
35 Lambert
36%
4 Tissaia de Vries
35%
13 Philippa Eilhart
32%
12 Sigismund Dijkstra
32%
23 Radovid
29%
8 Cahir
28%
11 Fringilla Vigo
28%
7 Vilgefortz de Roggeveen
27%
14 Stregobor
23%
15 Sabrina Glevissig
22%
20 Francesca
18%
9 Renfri
18%
18 Istredd
16%
25 Filavandrel
14%
16 Rience
11%
26 Dara
9%
27 Visimir
9%
30 Margarita Laux-Antille
8%
24 Artorius Vigo
7%
22 Gallatin
3%
31 Lydia Van Bredevoort
3%
21 Teryn
3%
32 Marti Södergren
2%
29 Codringher
1%
33 Coral
1%
28 Fenn
1%
Aucun quiz correspondant
Distribution des résultats
% des personnes avec chaque résultat
Percentile par nombre de réponses
Votre historique - résultats
Vous n’avez pas pris ce quiz